000 00246pam a2200109 a 4500
020 _c
040 _aBHVP_411030
041 _aeng
100 _aGupta, S r
245 _aNational Defence Acadamy And Naval Acadamy Examination
_hPaper
930 _a5633
999 _c82549
_d82549